Putting a Price on Knowledge (Record no. 84607)

MARC details
000 -LEADER
fixed length control field 00792cab a22002055a 4500
001 - CONTROL NUMBER
control field L158477
008 - FIXED-LENGTH DATA ELEMENTS--GENERAL INFORMATION
fixed length control field 150313e20150221xxk 000 0 eng d
035 ## - SYSTEM CONTROL NUMBER
System control number (Sirsi) u158477
041 0# - LANGUAGE CODE
Language code of text/sound track or separate title eng
100 1# - MAIN ENTRY--PERSONAL NAME
Personal name Dutton, Timothy
245 00 - TITLE STATEMENT
Title Putting a Price on Knowledge
260 ## - PUBLICATION, DISTRIBUTION, ETC.
Date of publication, distribution, etc. 2015
490 ## - SERIES STATEMENT
Series statement Estates Gazette
Volume/sequential designation (1507) 21 February 2015, 78-80(3)
520 ## - SUMMARY, ETC.
Summary, etc. In the second of two articles on development hope value, asks how much a hypothetical purchaser can be assumed to know. Examines the Cravecrest Case which considered two issues about development hope value that arose in the context of a collective enfranchisement under the Leasehold Reform Act 1993.
590 ## - LOCAL NOTE (RLIN)
Local note KA
651 #4 - SUBJECT ADDED ENTRY--GEOGRAPHIC NAME
Geographic name United Kingdom
690 ## - LOCAL SUBJECT ADDED ENTRY--TOPICAL TERM (OCLC, RLIN)
Topical term or geographic name as entry element Valuation
9 (RLIN) 6273
700 1# - ADDED ENTRY--PERSONAL NAME
Personal name Cardew, Maxim
942 ## - ADDED ENTRY ELEMENTS (KOHA)
Suppress in OPAC 0
Holdings
Withdrawn status Lost status Source of classification or shelving scheme Damaged status Not for loan Home library Current library Shelving location Date acquired Total Checkouts Full call number Barcode Date last seen Copy number Price effective from Koha item type
    Dewey Decimal Classification     London London Journal article 13/03/2015   L158477 158477-1001 06/08/2019 1 06/08/2019 Journal article